000 00457nam a2200157Ia 4500
003 LK-CoDNM
008 010623t1950 xxu||||| |||| 00| 1 eng d
040 _aLK-CoDNM
_dLK-CoDNM
_eLK-CoDNM
041 _aeng
080 _a954 THE
245 _aThe Cultural Heritage of India : Sri Ramakrishna Centenary Memorial Vol II
260 _bSri Ramakrishna Centenary Committee
_aCalcutta
_c1950
300 _b580p,illus., 22 cm
650 _aHistory
942 _cBK
999 _c101825
_d101825